طنز و مز ا ح نگا ر ی ميں فکر تو نسو ی کا حصہ (Record no. 187618)

MARC details
000 -LEADER
fixed length control field 00757nam a22001937a 4500
005 - DATE AND TIME OF LATEST TRANSACTION
control field 20220426122619.0
010 ## - LCCN (DPL NO)
LC control number UR-11526
020 ## - INTERNATIONAL STANDARD BOOK NUMBER
Terms of availability 300.00
International Standard Book Number 9789387248526
035 ## - SYSTEM CONTROL NUMBER
System control number U-10081
037 ## - SOURCE OF ACQUISITION
Source of stock number/acquisition DBAD/PUB
Stock number -
082 ## - DEWEY DECIMAL CLASSIFICATION NUMBER
Classification number 840.8
Edition number Ist
100 ## - MAIN ENTRY--PERSONAL NAME
Personal name ر ضو ا نہ بيگم
245 ## - TITLE STATEMENT
Title طنز و مز ا ح نگا ر ی ميں فکر تو نسو ی کا حصہ
Statement of responsibility, etc ر ضو ا نہ بيگم
Medium ا ر د و
246 ## - VARYING FORM OF TITLE
Remainder of title Tanz-o-Mazah Nigari Mein Fikr Tounsvi Ka Hissa (Urdu)
Title proper/short title by Rizwana Begum
260 ## - PUBLICATION, DISTRIBUTION, ETC. (IMPRINT)
Place of publication, distribution, etc Hyderabad
Name of publisher, distributor, etc Tanveer publishers
Date of publication, distribution, etc 2019 ء
270 ## - ADDRESS
Address 8-1-523/293B,Brindavan ColonyTolichowki Golconda,Tilangana ,
City Hyderabad
Postal code 500008
Telephone number 09391301192
Fax number -
300 ## - PHYSICAL DESCRIPTION
Extent 192 ص
Dimensions 22 Cm(Hb)
942 ## - ADDED ENTRY ELEMENTS (KOHA)
Source of classification or shelving scheme Dewey Decimal Classification
Item type Urdu Bks
Classification part 840.8
Call number suffix ر ض و
Holdings
Withdrawn status Lost status Not for loan Collection code Home library Current library Date acquired Source of acquisition Cost, normal purchase price Full call number Barcode Copy number Cost, replacement price Koha item type
    Not For Loan Non-fiction D.B.Act.Division Central Library 26/04/2022 DBAD/PUB 300.00 840.8 ر ض و U-10081 1 300.00 Urdu Bks

© Delhi Public Library
Hit Counter
free hit counter